Ресурсный потенциал техногенных образований россыпных месторождений золота (Запись № 10224178)

Подробности
000 -МАРКЕР
контрольное поле 02276nam0a2200433 i 4500
001 - ИДЕНТИФИКАТОР ЗАПИСИ
контрольное поле RU\NLR\BIBL_A\010196431
005 - ИДЕНТИФИКАТОР ВЕРСИИ
контрольное поле 20260406005930.0
010 ## - МЕЖДУНАРОДНЫЙ СТАНДАРТНЫЙ НОМЕР КНИГИ (ISBN)
Номер (ISBN) 9785317045340
Тираж 100
021 ## - НОМЕР ГОСУДАРСТВЕННОЙ РЕГИСТРАЦИИ
Код страны российская федерация
Номер 2013-107161
Номер Листа государственной регистраци 7440
035 ## - ДРУГИЕ СИСТЕМНЫЕ НОМЕРА
Идентификатор записи (NILC)RuMoRGB-006723396
035 ## - ДРУГИЕ СИСТЕМНЫЕ НОМЕРА
Идентификатор записи (NLR Aleph) 010196431
100 ## - ДАННЫЕ ОБЩЕЙ ОБРАБОТКИ
Данные общей обработки 20140228d2013 k y0rusy50 ca
101 0# - ЯЗЫК РЕСУРСА
Язык текста, звукозаписи и т.д. русский
102 ## - СТРАНА ПУБЛИКАЦИИ ИЛИ ПРОИЗВОДСТВА
Страна публикации российская федерация
105 ## - ПОЛЕ КОДИРОВАННЫХ ДАННЫХ: ТЕКСТОВЫЕ МАТЕРИАЛЫ, МОНОГРАФИЧЕСКИЕ
Кодированные данные о монографическом текстовом документе a|||z||||||y|
200 1# - ЗАГЛАВИЕ И СВЕДЕНИЯ ОБ ОТВЕТСТВЕННОСТИ
Основное заглавие Ресурсный потенциал техногенных образований россыпных месторождений золота
Параллельное заглавие Resource potential of gold placers' technogenic formations
Сведения, относящиеся к заглавию монография
Первые сведения об ответственности Г. С. Мирзеханов, З. Г. Мирзеханова
Последующие сведения об ответственности М-во образования и науки Российской Федерации, Камчатский гос. ун-т им. Витуса Беринга
Язык параллельного заглавия английский
210 ## - ПУБЛИКАЦИЯ, РАСПРОСТРАНЕНИЕ И ДР.
Место издания, распространения и т.д. Москва
Имя издателя, распространителя и т. д. МАКС Пресс
Дата издания, распространения и т.д. 2013
215 ## - ФИЗИЧЕСКАЯ ХАРАКТЕРИСТИКА
Специфическое обозначение материала и объем 285 с.
Другие сведения о физической характеристике ил.
Размеры 20
300 ## - ОБЩИЕ ПРИМЕЧАНИЯ
Текст примечания Авт. также на англ. яз.: G.S. Mirzekhanov, Z.G. Mirzekhanova
320 ## - ПРИМЕЧАНИЯ О НАЛИЧИИ В ДОКУМЕНТЕ БИБЛИОГРАФИИ / УКАЗАТЕЛЯ
Текст примечания Библиогр.: с. 257-284
510 1# - ПАРАЛЛЕЛЬНОЕ ЗАГЛАВИЕ
Связь между полями z45790
Параллельное заглавие Resource potential of gold placers' technogenic formations
Язык заглавия английский
606 1# - НАИМЕНОВАНИЕ ТЕМЫ КАК ПРЕДМЕТ
Наименование темы Золотые россыпи техногенные
Тематический подзаголовок Оценка
Системный номер авторитетной/нормативной записи 2206968
Идентификатор авторитетной/нормативной записи RU\NLR\AUTH\6601560267
606 1# - НАИМЕНОВАНИЕ ТЕМЫ КАК ПРЕДМЕТ
Наименование темы Золото
Тематический подзаголовок Извлечение из шлихов
Системный номер авторитетной/нормативной записи 2070768
Идентификатор авторитетной/нормативной записи RU\NLR\AUTH\661245505
610 0# - НЕКОНТРОЛИРУЕМЫЕ ПРЕДМЕТНЫЕ ТЕРМИНЫ
Предметный термин повторная отработка золотых россыпей
610 0# - НЕКОНТРОЛИРУЕМЫЕ ПРЕДМЕТНЫЕ ТЕРМИНЫ
Предметный термин техногенные месторождения золота
675 ## - УНИВЕРСАЛЬНАЯ ДЕСЯТИЧНАЯ КЛАССИФИКАЦИЯ (UDC/УДК)
Индекс 553.411
686 1# - ИНДЕКСЫ ДРУГИХ КЛАССИФИКАЦИЙ
Индекс Д451.41-022.5
686 1# - ИНДЕКСЫ ДРУГИХ КЛАССИФИКАЦИЙ
Индекс К344.15
700 #1 - ИМЯ ЛИЦА - ПЕРВИЧНАЯ ОТВЕТСТВЕННОСТЬ
Графика поля Кириллица
Материалы, к которым относится поле rus
Начальный элемент ввода Мирзеханов
Часть имени, кроме начального элемента ввода Г. С.
Даты 1954-
Расширение инициалов личного имени Гаджи Сиражудинович
Системный номер авторитетной/нормативной записи 138982
Идентификатор авторитетной/нормативной записи RU\NLR\AUTH\770139017
701 #1 - ИМЯ ЛИЦА - АЛЬТЕРНАТИВНАЯ ОТВЕТСТВЕННОСТЬ
Материалы, к которым относится поле rus
Графика поля Кириллица
Начальный элемент ввода Мирзеханова
Часть имени, кроме начального элемента ввода З. Г.
Расширение инициалов личного имени Зоя Гавриловна
Идентификатор авторитетной/нормативной записи RU\NLR\AUTH\77115393
Системный номер авторитетной/нормативной записи 98318
790 #1 - ИМЯ ЛИЦА - АЛЬТЕРНАТИВНАЯ ФОРМА
Графика поля Латинская
Материалы, к которым относится поле rus
Начальный элемент ввода Mirzechanov
Часть имени, кроме начального элемента ввода G. S.
Даты 1954-
Расширение инициалов личного имени Gadži Siražudinovič
Системный номер авторитетной/нормативной записи 138984
Идентификатор авторитетной/нормативной записи RU\NLR\AUTH\770139019
790 #1 - ИМЯ ЛИЦА - АЛЬТЕРНАТИВНАЯ ФОРМА
Материалы, к которым относится поле rus
Графика поля Латинская
Начальный элемент ввода Mirzechanova
Часть имени, кроме начального элемента ввода Z. G.
Расширение инициалов личного имени Zoja Gavrilovna
Идентификатор авторитетной/нормативной записи RU\NLR\AUTH\77115394
Системный номер авторитетной/нормативной записи 98319
801 #0 - ИСТОЧНИК ЗАПИСИ
Страна российская федерация
Организация RuMoRKP
Дата составления 20140113
Правила каталогизации RCR
801 #2 - ИСТОЧНИК ЗАПИСИ
Страна российская федерация
Организация РГБ
Дата составления 20140205
Правила каталогизации rcr
942 ## - ДОПОЛНИТЕЛЬНЫЕ ЭЛЕМЕНТЫ ЗАПИСИ (АБИС)
Тип экземпляра АБИС Книга
980 ## - КОЛЛЕКЦИЯ
Название коллекции НБР

Нет доступных экземпляров.